<?xml version="1.0" encoding="UTF-8"?>
<marc:record xmlns:marc="http://www.loc.gov/MARC21/slim">
   <marc:leader>00000nam a2200000 a 4500</marc:leader>
   <marc:datafield ind1="1" ind2=" " tag="100">
      <marc:subfield code="a">Grandes, Almudena</marc:subfield>
      <marc:subfield code="4">ctb</marc:subfield>
      <marc:subfield code="e">Mitwirkende/-r</marc:subfield>
   </marc:datafield>
   <marc:datafield ind1="1" ind2=" " tag="100">
      <marc:subfield code="a">Kreye, Walter</marc:subfield>
      <marc:subfield code="4">ctb</marc:subfield>
      <marc:subfield code="e">Mitwirkende/-r</marc:subfield>
   </marc:datafield>
   <marc:datafield ind1="1" ind2=" " tag="100">
      <marc:subfield code="a">Hollanda, Roberto de</marc:subfield>
      <marc:subfield code="4">ctb</marc:subfield>
      <marc:subfield code="e">Mitwirkende/-r</marc:subfield>
   </marc:datafield>
   <marc:datafield ind1="1" ind2=" " tag="100">
      <marc:subfield code="a">Kreis, Gabriele</marc:subfield>
      <marc:subfield code="4">ctb</marc:subfield>
      <marc:subfield code="e">Mitwirkende/-r</marc:subfield>
   </marc:datafield>
   <marc:datafield ind1=" " ind2=" " tag="653">
      <marc:subfield code="a">Kassette / Belletristik/Erzählende Literatur</marc:subfield>
   </marc:datafield>
   <marc:datafield ind1=" " ind2=" " tag="653">
      <marc:subfield code="a">CD</marc:subfield>
   </marc:datafield>
   <marc:datafield ind1=" " ind2=" " tag="653">
      <marc:subfield code="a">Erzählende Literatur</marc:subfield>
   </marc:datafield>
   <marc:datafield ind1="0" ind2="0" tag="245">
      <marc:subfield code="a">Der Feind meines Vaters</marc:subfield>
   </marc:datafield>
   <marc:datafield ind1="0" ind2="0" tag="245">
      <marc:subfield code="b">Roman ; gekürzte Lesung</marc:subfield>
   </marc:datafield>
   <marc:datafield ind1="0" ind2="0" tag="245">
      <marc:subfield code="c">Almudena Grandes. Gelesen von Walter Kreye. Aus dem Span. von Roberto Hollanda. Regie: Gabriele Kreis</marc:subfield>
   </marc:datafield>
   <marc:datafield ind1=" " ind2="1" tag="264">
      <marc:subfield code="a">Hamburg</marc:subfield>
      <marc:subfield code="b">Hörbuch Hamburg</marc:subfield>
      <marc:subfield code="c">2013</marc:subfield>
   </marc:datafield>
   <marc:datafield ind1="1" ind2=" " tag="520">
      <marc:subfield code="a">Angaben aus der Verlagsmeldung

Der Feind meines Vaters : 8 CDs / von Almudena Grandes

Andalusien, Sommer 1947: Der neunj&amp;auml;hrige Nino, der mit seiner Familie in einer Kaserne der Guardia Civil wohnt, lernt den geheimnisvollen Fremden Pepe kennen. W&amp;auml;hrend ihrer gemeinsamen Nachmittage am Fluss schw&amp;ouml;rt sich Nino, niemals ein Polizist zu werden wie sein Vater. Durch Pepe entdeckt er seine Leidenschaft f&amp;uuml;r Abenteuerromane. Diese er&amp;ouml;ffnen ihm eine neue Welt, durch sie lernt er die seltsamen Geschehnisse im Dorf zu hinterfragen. Was beispielsweise hat Pepe mit dem Kampf gegen den Freisch&amp;auml;rler Cencerro zu tun? Auf einmal ger&amp;auml;t Nino selbst mitten in ein Abenteuer und muss sich entscheiden, auf wessen Seite er sich schl&amp;auml;gt.
</marc:subfield>
   </marc:datafield>
   <marc:datafield ind1=" " ind2=" " tag="020">
      <marc:subfield code="a">9783899038651</marc:subfield>
      <marc:subfield code="9">9783899038651</marc:subfield>
   </marc:datafield>
   <marc:datafield ind1=" " ind2=" " tag="020">
      <marc:subfield code="a">3899038657</marc:subfield>
      <marc:subfield code="9">3899038657</marc:subfield>
   </marc:datafield>
   <marc:datafield ind1=" " ind2=" " tag="041">
      <marc:subfield code="a">ger</marc:subfield>
   </marc:datafield>
   <marc:datafield ind1=" " ind2=" " tag="300">
      <marc:subfield code="a">9 CDs (641 Min.)</marc:subfield>
   </marc:datafield>
</marc:record>
